Southville International School and Colleges
Your cart is empty.
  • Cart
  • Lists
    Public lists Eva Luna New books Lux_list list_1
    Your lists Log in to create your own lists
  • Log in to your account
  • Your cookies
  • Search history
Southville International School and Colleges
  • Advanced search
  • Recent comments
  • Most popular
  • Libraries

Log in to your account

Log in with GOOGLE


If you do not have an external account, but do have a local account, you can still log in:

  1. Home
  2. MARC view: IB physics :
Normal view MARC view ISBD view

IB physics : (Record no. 2998)

[ view plain ]
MARC details
000 -LEADER
fixed length control field 00520nam a22001937a 4500
003 - CONTROL NUMBER IDENTIFIER
control field OSt
005 - DATE AND TIME OF LATEST TRANSACTION
control field 20151203112035.0
008 - FIXED-LENGTH DATA ELEMENTS--GENERAL INFORMATION
fixed length control field 130622t xxu||||| |||| 00| 0 eng d
020 ## - INTERNATIONAL STANDARD BOOK NUMBER
International Standard Book Number 9781904534921
050 ## - LIBRARY OF CONGRESS CALL NUMBER
Classification number QC 21.3
Item number .D911 2008
082 ## - DEWEY DECIMAL CLASSIFICATION NUMBER
Classification number IB 530
Item number .D91 2008
100 ## - MAIN ENTRY--PERSONAL NAME
Personal name Duncan, Hugh
245 ## - TITLE STATEMENT
Title IB physics :
Remainder of title option I - medical physics HL : for examinations in 2009
Statement of responsibility, etc Hugh Duncan
250 ## - EDITION STATEMENT
Edition statement 2nd ed.
260 ## - PUBLICATION, DISTRIBUTION, ETC. (IMPRINT)
Place of publication, distribution, etc UK :
Name of publisher, distributor, etc OSC,
Date of publication, distribution, etc c2008.
300 ## - PHYSICAL DESCRIPTION
Extent 32 p. ;
Other physical details ill. ;
942 ## - ADDED ENTRY ELEMENTS (KOHA)
Source of classification or shelving scheme Library of Congress Classification
Koha item type Books
Holdings
Withdrawn status Lost status Source of classification or shelving scheme Damaged status Home library Current library Shelving location Date acquired Total Checkouts Full call number Barcode Date last seen Price effective from Koha item type
    Library of Congress Classification   Luxembourg Library Luxembourg Library International Baccalaureate Section 06/22/2013   QC 21.3 .D911 2008 17372 08/13/2013 06/22/2013 Books

IB physics :

APA

Duncan H., . (2008). IB physics. UK: OSC.

Chicago

Duncan Hugh, . 2008. IB physics. UK: OSC.

Harvard

Duncan H., . (2008). IB physics. UK: OSC.

MLA

Duncan Hugh, . IB physics. UK: OSC. 2008.

  • Place hold
  • Print
  • Cite
  • Add to your cart (remove)
  • Save record
    BIBTEX Dublin Core MARCXML MARC (non-Unicode/MARC-8) MARC (Unicode/UTF-8) MARC (Unicode/UTF-8, Standard) MODS (XML) RIS
  • More searches
    Search for this title in:
    Other Libraries (WorldCat) Other Databases (Google Scholar) Online Stores (Bookfinder.com) Open Library (openlibrary.org)

Exporting to Dublin Core...

SOUTHVILLE LIBRARY

Southville International School and Colleges Library

1281 Tropical Ave. Cor. Luxembourg St., BF Homes International, Las Pinas City

Tel. No. 8256374 / 252358 Loc. 117/146

Powered by Koha